00926nam a22002177a 4500003000500000005001700005007000300022008004100025040001000066100003800076245013000114264007100244300005100315502009200366700003600458700003300494720004100527720004800568720004800616720004400664CSPC20250207105901.0ta250207s2018 ph a mabs 000 0 eng  cCSPC  aEvangelista, Cecile M. eauthor.  aFactors affecting the growth of small business enterprises in San Buenaventura, Buhi, Camarines Sur /cCecile M. Evangelista  aBuhi, Camarines Sur: bCamarines Sur Polytechnic Colleges, c2018. axvii, 109 leaves : billustrations ; c28 cm.  aUndergraduate Theses (BSOA) Office Administration cCamarines Sur Polytechnic Colleges  aPeñones, Debbie A. eauthor.  aRabino, Melody C. eauthor.  aPenetrante, Nancy S. MBA eadviser.  aEscolano, Emilda E. MBAepanelist chairman  aOliveros, Rosanna B. PhD. epanelist member aHallare, Syrell M. MBMepanelist member